The viral storm : the dawn of a new pandemic age /

The author, a Stanford biologist reveals the surprising origins of the world's most deadly viruses, and how we can overcome catastrophic pandemics. He discussses the complex interactions between humans and viruses, and the threat from viruses that jump from species to species. He tells the sto...

Full description

Bibliographic Details
Main Author: Wolfe, Nathan
Format: Book
Language:English
Published: New York : Times Books, [2011]
Edition:First edition.
Subjects:

MARC

Tag First Indicator Second Indicator Subfields
LEADER 00000cam a2200000 a 4500
001 in00004517708
005 20210818135459.0
008 110419s2011 nyuab b 001 0 eng
010 |a  2011011321 
020 |a 0805091947 (hardback) 
020 |a 9780805091946 (hardback) 
035 |a (OCoLC)ocn706021534 
035 |a (OCoLC)706021534 
035 |z (UtOrBLW)55213 
035 |a 76627 
040 |a DLC  |c DLC  |d YDX  |d BTCTA  |d YDXCP  |d UPZ  |d MOF  |d MLY  |d ILC  |d GZM  |d VP@  |d IXA  |d NSB  |d BWX  |d TMV  |d UtOrBLW 
042 |a pcc 
049 |a TMVM  |c 1 
050 0 0 |a QR360  |b .W65 2011 
060 4 |a WC 500  |b W855v 2011 
082 0 0 |a 616.9/1  |2 22 
084 |a SCI086000  |2 bisacsh 
100 1 |a Wolfe, Nathan. 
245 1 4 |a The viral storm :  |b the dawn of a new pandemic age /  |c Nathan Wolfe. 
250 |a First edition. 
264 1 |a New York :  |b Times Books,  |c [2011] 
264 4 |c ©2011 
300 |a 304 pages :  |b illustrations, maps ;  |c 25 cm. 
336 |a text  |2 rdacontent  |b txt 
337 |a unmediated  |2 rdamedia 
338 |a volume  |2 rdacarrier  |b nc 
504 |a Includes bibliographical references and index. 
505 0 |a The viral planet -- The hunting ape -- The great microbe bottleneck -- Churn, churn, churn -- The first pandemic -- One world -- The intimate species -- Viral rush -- Virus hunters -- Microbe forecasting -- The gentle virus -- The last plague. 
520 |a The author, a Stanford biologist reveals the surprising origins of the world's most deadly viruses, and how we can overcome catastrophic pandemics. He discussses the complex interactions between humans and viruses, and the threat from viruses that jump from species to species. He tells the story of how viruses and human beings have evolved side by side through history; how deadly viruses like HIV, swine flu, and bird flu almost wiped us out in the past; and why modern life has made our species vulnerable to the threat of a global pandemic. His research missions to the jungles of Africa and the rain forests of Borneo have earned him the nickname "the Indiana Jones of virus hunters," and in this book he takes readers along on his groundbreaking and often dangerous research trips to reveal the surprising origins of the most deadly diseases and to explain the role that viruses have played in human evolution. In a world where each new outbreak seems worse than the one before, he points the way forward, as new technologies are brought to bear in the most remote areas of the world to neutralize these viruses and even harness their power for the good of humanity. His provocative vision of the future will change the way we think about viruses, and perhaps remove a potential threat to humanity's survival. -- Provided by publisher. 
520 |a "The "Indiana Jones" of virus hunters reveals the complex interactions between humans and viruses, and the threat from viruses that jump from species to species"--Provided by publisher. 
650 0 |a Viruses. 
650 0 |a Virus diseases. 
650 0 |a Molecular evolution. 
650 0 |a Human evolution. 
650 2 |a Virus Diseases. 
650 2 |a Viruses. 
650 2 |a Pandemics. 
999 |a MARS 
999 f f |s 55af0d63-bfe1-372c-8580-bdc2ab49bb0d  |i 97934223-5e68-340b-8331-75e9059f012e  |t 0 
952 f f |p ric  |a Texas A&M University  |b Rellis Campus  |c Joint Library Facility  |d Remote Storage  |t 0  |e WC 500 W855v 2011  |h National Library of Medicine classification  |i unmediated -- volume  |m 323890223878C 
998 f f |a WC 500 W855v 2011  |t 0  |l Remote Storage